000 00392nam a2200145Ia 4500
008 220217s9999||||xx |||||||||||||| ||und||
020 _a0-07-047378-1
082 _a658.403 8 WUI
100 _aWeihrich, Heinz Koontz, Harold
245 0 _aManagement: a global perspective
250 _a10th
260 _aTata mcgraw hill
_bNew Delhi
_c2002
300 _b295
650 _aMANAGEMENT
999 _c172016
_d172016